000 00314 a2200133 4500
001 48688
040 _cAnchieta - Bela Vista
240 1 0 _aBranca de neve e os sete anões
_lpor
245 1 0 _aBranca de neve e os sete anões
300 _a32
362 0 _a2009
650 4 _aLiteratura infanto-juvenil
942 _cBK
999 _c48688
_d48688